[Event "XIII. DBMM 2013"]
[Site "?"]
[Date "2013.09.29"]
[Round "7.2"]
[White "Jostes, Marko"]
[Black "Brauer, Frank"]
[Result "1-0"]
[WhiteElo "2083"]
[BlackElo "1887"]
[PlyCount "91"]
[EventDate "2013.01.19"]

1. c4 Nf6 2. g3 c5 3. Bg2 Nc6 4. Nc3 e6 5. d3 Be7 6. Bg5 O-O 7. Nh3 d5 8. O-O
h6 9. Bxf6 Bxf6 10. cxd5 exd5 11. Nf4 Bxc3 12. bxc3 Be6 13. Rb1 Rb8 14. e4 d4
15. c4 Qd7 16. Nd5 f5 17. f4 fxe4 18. dxe4 Ne7 19. Qd2 b6 20. Qc2 Nxd5 21. cxd5
Bh3 22. Bxh3 Qxh3 23. e5 Qd7 24. Qc4 Rbd8 25. d6+ Kh8 26. Qd5 Rde8 27. Rbe1 Qf5
28. Qe4 Qxe4 29. Rxe4 Rd8 30. f5 Rfe8 31. Rfe1 d3 32. R1e3 c4 33. Rd4 b5 34.
Kf2 Kg8 35. g4 Kf7 36. h4 a6 37. Kf3 g5 38. h5 Kg7 39. e6 a5 40. Ke4 Kf6 41.
Kd5 Rxd6+ 42. Kxd6 Rd8+ 43. Kc7 Rxd4 44. e7 Rd7+ 45. Kxd7 d2 46. Re6+ 1-0

[Event "XIII. DBMM 2013"]
[Site "?"]
[Date "2013.09.29"]
[Round "7.3"]
[White "Klowski, Bjoern Sigurd"]
[Black "Kassner, Ralph"]
[Result "0-1"]
[WhiteElo "1400"]
[BlackElo "1758"]
[PlyCount "140"]
[EventDate "2013.01.19"]

1. e4 e6 2. d4 d5 3. Nd2 Nf6 4. e5 Nfd7 5. Bd3 c5 6. c3 Nc6 7. Ndf3 cxd4 8.
cxd4 Qb6 9. Ne2 Bb4+ 10. Bd2 Bxd2+ 11. Qxd2 Qb4 12. O-O Qxd2 13. Nxd2 Nb6 14.
Rfc1 Bd7 15. a3 Rc8 16. Nb3 Na4 17. Rc2 a6 18. Rac1 Ke7 19. f4 Na7 20. Rc7 Nxb2
21. Bxa6 Rb8 22. Rxb7 Rxb7 23. Bxb7 Nb5 24. a4 Nxa4 25. Nc5 Nxc5 26. Rxc5 {(=)}
Rb8 27. Bc6 Na7 28. Bxd7 Kxd7 29. Kf2 Rb4 30. Ke3 Nc6 31. h4 Kc7 32. h5 Kb6 33.
Rc3 h6 34. g4 Kb5 35. Rc5+ Kb6 36. Rc3 Rb2 37. g5 Ne7 38. Ng3 Rg2 39. Kf3 Rd2
40. Ke3 Rd1 41. gxh6 gxh6 42. Rb3+ Kc7 43. Ra3 Nc6 44. Rc3 Kd7 45. Ne2 Rh1 46.
Ng3 Rh3 47. Kf3 Nxd4+ 48. Kg4 Rh2 49. f5 Rf2 50. f6 Nc6 51. Re3 d4 52. Re1 d3
53. Kh3 d2 54. Rd1 Nxe5 55. Ne4 Re2 56. Nxd2 Re3+ 57. Kg2 Rd3 58. Kf2 Rd5 59.
Ke2 Ng4 60. Ne4 Rxd1 61. Kxd1 Kc6 62. Ke2 Kd5 63. Kf3 Ke5 64. Ng5 hxg5 65. Kxg4
Kxf6 66. h6 Kg6 67. h7 Kxh7 68. Kxg5 Kg7 69. Kf4 Kf6 70. Ke4 Kg5 0-1

[Event "XIII. DBMM 2013"]
[Site "?"]
[Date "2013.09.29"]
[Round "7.4"]
[White "Seeger, Ernst"]
[Black "Duemmler, Rudolf"]
[Result "1/2-1/2"]
[WhiteElo "1677"]
[BlackElo "1169"]
[PlyCount "78"]
[EventDate "2013.01.19"]

1. d4 d5 2. Nf3 Nf6 3. e3 Bg4 4. Bd3 e6 5. Nbd2 Be7 6. h3 Bh5 7. O-O O-O 8. c4
c5 9. Qb3 Qc7 10. cxd5 exd5 11. dxc5 Nbd7 12. Nd4 Nxc5 13. Qc2 Rac8 14. Bf5 Bg6
15. Bxg6 hxg6 16. Qb1 Nce4 17. N2f3 a6 18. Bd2 Qb8 19. Rc1 Rc7 20. Rxc7 Qxc7
21. Qc1 Rc8 22. Qxc7 Rxc7 23. Rc1 Bd6 24. Rxc7 Bxc7 25. Bb4 g5 26. Nd2 Be5 27.
Nxe4 dxe4 28. Be7 g6 29. Bxf6 Bxf6 30. f3 exf3 31. gxf3 Be5 32. b3 Kf8 33. Kf2
Ke7 34. Ke2 Kd6 35. Nc2 Kc5 36. a4 f5 37. Kd3 a5 38. Ne1 b6 39. Kc2 Kd5 1/2-1/2

[Event "XIII. DBMM 2013"]
[Site "?"]
[Date "2013.09.29"]
[Round "7.1"]
[White "Lotzien, Hans"]
[Black "Baranowsky, Peter"]
[Result "1-0"]
[WhiteElo "2152"]
[BlackElo "1967"]
[PlyCount "109"]
[EventDate "2013.01.19"]

1. e4 c6 2. d4 d5 3. exd5 cxd5 4. Bd3 Nc6 5. c3 Nf6 6. Ne2 Bg4 7. h3 Bxe2 8.
Qxe2 e6 9. Bf4 Bd6 10. Bxd6 Qxd6 11. Nd2 O-O 12. Nf3 Rac8 13. O-O g6 14. Rfe1
Rc7 15. Rad1 Nh5 16. Qd2 Qf4 17. Re3 Ng7 18. g3 Qh6 19. Kg2 Nf5 20. Bxf5 gxf5
21. Ne5 Kh8 22. f4 Rg8 23. Kh2 Nd8 24. Nd3 b6 25. Rg1 f6 26. Qe2 Rcg7 27. Nf2
Rg6 28. Qf3 Qg7 29. Rg2 Qf7 {(=)} 30. Qe2 h6 31. Nd3 Qc7 32. a3 Kh7 33. Qf3
R8g7 34. Qe2 Kg8 35. Rxe6 Nxe6 36. Qxe6+ Qf7 37. Qxf5 Qd7 38. Qh5 Kh7 39. Nb4
f5 40. Qf3 Rd6 41. Nd3 Re6 {(=)} 42. Ne5 Qd6 43. Qh5 Qf8 44. Qf3 Qd6 45. Qd3
Qf8 46. Rf2 Kg8 47. Rg2 Rf6 48. Qf3 Qd6 49. Re2 Kh7 50. Qh5 Qf8 51. Nf3 Rgg6
52. Nh4 Rg8 53. Re5 Qg7 54. Qf3 Rd6 55. Nxf5 1-0

[Event "XIII. DBMM 2013"]
[Site "?"]
[Date "2013.09.29"]
[Round "7.2"]
[White "Koerlin, Hans-Juergen"]
[Black "Hemmann, Arnold"]
[Result "0-1"]
[WhiteElo "1843"]
[BlackElo "2153"]
[PlyCount "76"]
[EventDate "2013.01.19"]

1. e4 c5 2. Nc3 Nc6 3. f4 e6 4. Nf3 Nge7 5. a4 d5 6. Bb5 a6 7. Bxc6+ Nxc6 8.
O-O d4 9. Ne2 d3 10. cxd3 Qxd3 11. Ng3 c4 12. Ne1 Qd4+ 13. Kh1 h5 14. Nc2 Qc5
15. Ne3 h4 16. Ne2 h3 17. g3 Bd7 18. Qc2 Na5 19. d4 cxd3 20. Qxd3 Bc6 21. Nc3
Rd8 22. Qc2 Be7 23. Kg1 Bf6 24. Rb1 Nc4 25. Re1 Bd4 26. Ncd1 Nxe3 27. Qxc5 Bxc5
28. Bxe3 Bxe3+ 29. Rxe3 Rd2 30. Nf2 Bxa4 31. b4 Ke7 32. g4 Bc6 33. Rbb3 Rc2 34.
Nxh3 Rd8 35. Nf2 Rdd2 36. Rf3 f5 37. gxf5 exf5 38. Rbe3 Rc1+ 0-1

[Event "XIII. DBMM 2013"]
[Site "?"]
[Date "2013.09.29"]
[Round "7.3"]
[White "Broehl, Stephan"]
[Black "Quast, Michael"]
[Result "1-0"]
[WhiteElo "2131"]
[BlackElo "1708"]
[PlyCount "93"]
[EventDate "2013.01.19"]

1. e4 e6 2. d4 b6 3. Nc3 Bb4 4. Bd3 Bb7 5. Nf3 Ne7 6. O-O O-O 7. Ne2 Ng6 8. Ng3
Be7 9. c4 d6 10. Be3 Nd7 11. Rc1 c5 12. Qd2 e5 13. d5 Nf6 14. h3 Bc8 15. a3 a5
16. b4 a4 17. b5 Bd7 18. Bc2 Ra5 19. Kh2 Qc8 20. Nf5 Nh5 21. g3 Re8 22. Qd1 Nf6
23. Bg5 Qa8 24. Kg2 Bxf5 25. exf5 Nh8 26. h4 h6 27. Bxf6 Bxf6 28. Nd2 Kf8 29.
Ne4 Ke7 30. Qh5 Ra7 31. g4 Kd7 32. Nxf6+ gxf6 33. Qxh6 Qd8 {(=)} 34. f3 Kc7 35.
Rh1 Qe7 36. Be4 Rg8 37. Kf2 Ra5 38. Rcg1 Re8 39. g5 Qd7 40. Qxf6 Rxb5 41. cxb5
Qxb5 42. g6 Qb2+ 43. Kg3 fxg6 44. fxg6 Qd2 45. g7 Rg8 46. Qe7+ Kb8 47. Qf8+ 1-0

[Event "XIII. DBMM 2013"]
[Site "?"]
[Date "2013.09.29"]
[Round "7.4"]
[White "Warnest, Stefan"]
[Black "Mueller-Boge, Michael"]
[Result "0-1"]
[WhiteElo "1460"]
[BlackElo "2002"]
[PlyCount "70"]
[EventDate "2013.01.19"]

1. e4 c5 2. Nf3 d6 3. d4 cxd4 4. Nxd4 Nf6 5. Nc3 a6 6. Bg5 Nbd7 7. f4 Qc7 8.
Qf3 h6 9. Bxf6 Nxf6 10. f5 Qc5 11. O-O-O g5 12. g4 Bg7 13. Nb3 Qe5 14. Rd4 h5
15. gxh5 g4 16. Qg2 Rxh5 17. h3 Bd7 18. hxg4 Rxh1 19. Qxh1 Nxg4 20. Nd5 O-O-O
21. Nb6+ {(=)} Kb8 22. Nxd7+ Rxd7 23. Qh5 Qf4+ 24. Nd2 Bxd4 25. Qxf7 Be3 26.
Qg8+ Ka7 27. Be2 Bxd2+ 28. Kb1 Ne3 29. a3 Qxe4 30. Bd3 Qh1+ 31. Ka2 Qd5+ 32.
Qxd5 Nxd5 33. c4 Nf4 34. Be4 d5 35. cxd5 Nxd5 0-1

[Event "XIII. DBMM 2013"]
[Site "?"]
[Date "2013.09.29"]
[Round "7.1"]
[White "Hedden, Helge"]
[Black "Dekker, Derk"]
[Result "1/2-1/2"]
[WhiteElo "2150"]
[BlackElo "1817"]
[PlyCount "80"]
[EventDate "2013.01.19"]

1. c4 e5 2. g3 Nf6 3. Bg2 d5 4. cxd5 Nxd5 5. Nc3 Ne7 6. Nf3 Nbc6 7. O-O g6 8.
d3 Bg7 9. Bg5 h6 10. Be3 Be6 11. Rb1 Nd5 12. Nxd5 Bxd5 13. a3 e4 14. Ne1 exd3
15. Nxd3 Bxg2 16. Kxg2 Qd5+ 17. Kg1 O-O 18. Nf4 Qe4 19. Qd5 Qxd5 20. Nxd5 Rac8
21. Bf4 Rfe8 22. Be3 Nd4 23. Bxd4 Bxd4 24. e3 Bg7 25. b4 c6 26. Nf4 Red8 27.
Rfd1 Bf6 28. Kf1 Rxd1+ 29. Rxd1 Rd8 30. Nd3 Kf8 31. Ke2 Ke7 32. Rc1 Rd6 33. Rc4
b6 34. f3 Bg7 35. g4 Kd7 36. Rc1 Rd5 37. Rc2 Rd6 38. Nf4 Be5 39. Nd3 Bg7 40. a4
Kc7 1/2-1/2

[Event "XIII. DBMM 2013"]
[Site "?"]
[Date "2013.09.29"]
[Round "7.3"]
[White "Kaliski, Achim"]
[Black "Bumes, Konrad"]
[Result "1-0"]
[WhiteElo "1958"]
[BlackElo "1796"]
[PlyCount "97"]
[EventDate "2013.01.19"]

1. e4 d5 2. exd5 Qxd5 3. Nc3 Qa5 4. d4 Nf6 5. Bd2 c6 6. h3 Bf5 7. Bc4 Qc7 8.
Nf3 e6 9. O-O Bd6 10. Re1 Nbd7 11. Nh4 Bg6 12. a4 Nb6 13. Bb3 Nbd5 14. Ne2 Ne4
15. c4 Nxd2 16. Qxd2 Bb4 17. Nc3 Qf4 18. Qxf4 Nxf4 19. Rad1 Bh5 20. Rd2 O-O-O
21. Bd1 Bxd1 22. Rexd1 Rhe8 23. Nf3 f6 24. Kh2 Ng6 25. Rd3 Bxc3 26. Rxc3 b6 27.
a5 Kb7 28. b4 b5 29. Rdc1 Rc8 30. Nd2 a6 31. Ne4 Rcd8 32. cxb5 cxb5 33. Rc7+
Kb8 34. R7c6 Rxd4 35. Nc5 Ne5 36. Rb6+ Kc8 37. Nxa6+ Nc4 38. Rxb5 Kd8 39. Nb8
Ne5 40. f4 Rxf4 41. a6 Re7 42. Rxe5 fxe5 43. Nc6+ Kd7 44. Nxe7 Rxb4 45. Nc6 Ra4
46. a7 e4 47. Nb8+ Kd8 48. Kg3 Ke8 49. Rc7 1-0

[Event "XIII. DBMM 2013"]
[Site "?"]
[Date "2013.09.29"]
[Round "7.4"]
[White "Santos, Paulo"]
[Black "Groeppel, Peter"]
[Result "1/2-1/2"]
[WhiteElo "1848"]
[BlackElo "1934"]
[PlyCount "68"]
[EventDate "2013.01.19"]

1. e4 d5 2. exd5 Qxd5 3. Nc3 Qd6 4. d4 a6 5. g3 c6 6. Bg2 Nf6 7. Nf3 Bg4 8. O-O
e6 9. Bf4 Qd8 10. Re1 Be7 11. Qd2 Bxf3 12. Bxf3 O-O 13. Rad1 Nbd7 14. a3 Nb6
15. Qe2 Nbd5 16. Nxd5 Nxd5 17. Bc1 b5 18. Qd3 Qa5 19. Bd2 Qb6 20. b4 Bf6 21.
Be3 a5 22. c3 Ra7 23. Bc1 Rd8 24. Bb2 Rad7 25. Qc2 axb4 26. axb4 Ra7 27. Ra1
Rda8 28. Rxa7 Rxa7 29. Ra1 Rxa1+ 30. Bxa1 Qa6 31. Bb2 Qa2 32. Be4 g6 33. Qb1
Qxb1+ 34. Bxb1 e5 1/2-1/2

[Event "XIII. DBMM 2013"]
[Site "?"]
[Date "2013.09.29"]
[Round "7.1"]
[White "Giel, Olaf"]
[Black "Gottschalk, Jens"]
[Result "1/2-1/2"]
[WhiteElo "2122"]
[BlackElo "2268"]
[PlyCount "27"]
[EventDate "2013.01.19"]

1. d4 Nf6 2. Nf3 g6 3. Nbd2 d5 4. e3 Bg7 5. Be2 Nbd7 6. b4 O-O 7. Bb2 c6 8. O-O
Qc7 9. c4 Nb6 10. Rc1 dxc4 11. Nxc4 Be6 12. Nfe5 Nfd7 13. a3 f6 14. Nxd7
1/2-1/2

[Event "XIII. DBMM 2013"]
[Site "?"]
[Date "2013.09.29"]
[Round "7.3"]
[White "Duckstein, Torsten"]
[Black "Lipp, Hubert"]
[Result "1/2-1/2"]
[WhiteElo "1944"]
[BlackElo "2064"]
[PlyCount "39"]
[EventDate "2013.01.19"]

1. e4 e5 2. Nf3 Nf6 3. Nc3 Bb4 4. Bc4 d6 5. h3 Nc6 6. a3 Bc5 7. d3 h6 8. Na4
Qe7 9. b4 Bb6 10. Nxb6 axb6 11. Be3 Be6 12. Bb5 Bd7 13. c4 O-O 14. O-O Nh7 15.
Nd2 Ng5 16. Qh5 Ne6 17. Nb3 Be8 18. Qg4 Kh7 19. f4 exf4 20. Bxf4 1/2-1/2

[Event "XIII. DBMM 2013"]
[Site "?"]
[Date "2013.09.29"]
[Round "7.4"]
[White "Launert, Martin"]
[Black "Brandt, Axel"]
[Result "1-0"]
[WhiteElo "1882"]
[BlackElo "1525"]
[PlyCount "101"]
[EventDate "2013.01.19"]

1. e4 c5 2. Nf3 Nc6 3. d4 cxd4 4. Nxd4 e6 5. Be2 d5 6. O-O Bc5 7. Nb3 Be7 8.
exd5 exd5 9. Bf3 Be6 10. Re1 Nf6 11. Nc3 O-O 12. Be3 Ne5 13. Bc5 Nxf3+ 14. Qxf3
Bxc5 15. Nxc5 Qc8 16. Nb3 Qc4 17. h3 b6 18. Rad1 Rac8 19. Rd4 Qc6 20. Rd3 Qc4
21. Nd4 Ne4 22. b3 Qb4 23. a3 Qxa3 24. Nxe4 dxe4 25. Qxe4 Qc5 26. Nxe6 fxe6 27.
Qxe6+ Kh8 28. Rd2 h6 29. Qg4 Rc7 30. Qg3 Rcf7 31. Re3 Qa5 32. Rde2 Qa1+ 33. Re1
Qa5 34. R1e2 Qa1+ 35. Kh2 Qd1 36. Re7 Rxe7 37. Rxe7 Qd4 38. c3 Qf6 39. Rxa7 b5
40. Rc7 g5 41. f3 Qe6 42. c4 Rf4 43. Qf2 bxc4 44. Qb2+ Rf6 45. Rxc4 Qd6+ 46. g3
Kg8 47. Kg2 Kf7 48. Qc2 Kg7 49. Rc7+ Rf7 50. Rc6 Qb8 51. Qg6+ 1-0

[Event "XIII. DBMM 2013"]
[Site "?"]
[Date "2013.09.29"]
[Round "7.1"]
[White "Seger, Ruediger"]
[Black "Schulz, Michael"]
[Result "1/2-1/2"]
[WhiteElo "2393"]
[BlackElo "2249"]
[PlyCount "49"]
[EventDate "2013.01.19"]

1. e4 e6 2. d4 d5 3. Nd2 Nf6 4. e5 Nfd7 5. c3 c5 6. Bd3 Nc6 7. Ne2 Qb6 8. Nf3
cxd4 9. cxd4 f6 10. exf6 Nxf6 11. O-O Bd6 12. b3 O-O 13. Bb2 Bd7 14. Ng3 Rae8
15. Ne5 Re7 16. Rc1 Be8 17. Kh1 Nb4 18. Bb1 a5 19. f4 g6 20. Qd2 Bb5 21. Rf3
Be8 22. h3 Rc7 23. Rxc7 Qxc7 24. Rc3 Qg7 25. Qe3 1/2-1/2

[Event "XIII. DBMM 2013"]
[Site "?"]
[Date "2013.09.29"]
[Round "7.2"]
[White "Jaehnisch, Frank"]
[Black "Gikas, Andreas Basilius"]
[Result "1/2-1/2"]
[WhiteElo "2220"]
[BlackElo "2187"]
[PlyCount "33"]
[EventDate "2013.01.19"]

1. Nf3 d5 2. g3 Nf6 3. Bg2 c6 4. b3 Bf5 5. O-O h6 6. c4 e6 7. d3 Bc5 8. Ba3
Bxa3 9. Nxa3 a5 10. Nc2 O-O 11. Qb1 Na6 12. Qb2 Qe7 13. Ne3 Bh7 14. a3 Rfc8 15.
Nd2 b5 16. cxb5 cxb5 17. Rfc1 1/2-1/2

[Event "XIII. DBMM 2013"]
[Site "?"]
[Date "2013.09.29"]
[Round "7.3"]
[White "Biedekoepper, Robert"]
[Black "Gebert-Vangeel, Ralf"]
[Result "0-1"]
[WhiteElo "2103"]
[BlackElo "2059"]
[PlyCount "78"]
[EventDate "2013.01.19"]

1. d4 d5 2. c4 c6 3. Nf3 Nf6 4. Nc3 e6 5. e3 Nbd7 6. Qc2 Bd6 7. g4 dxc4 8. g5
Nd5 9. Bxc4 Nb4 10. Qb3 b5 11. Be2 Bb7 12. Bd2 Nd5 13. Rg1 a6 14. a4 Nxc3 15.
bxc3 c5 16. axb5 axb5 17. Rc1 Bc6 18. c4 bxc4 19. Qxc4 Bd5 20. Qb5 cxd4 21.
Nxd4 {(=)} Bxh2 22. Rg4 Rb8 23. Qa4 O-O 24. f4 f5 25. gxf6 Nxf6 26. Nc6 Bxc6
27. Qxc6 Rb6 28. Qg2 Nxg4 29. Qxg4 Rb2 30. Bc3 Rb7 31. Bc4 Qb6 32. Bxe6+ Kh8
33. Bd4 Qb4+ 34. Ke2 Bxf4 35. Rc4 Qd6 36. Bc5 Rb2+ 37. Kf3 Bh2+ 38. Bf5 Qd1+
39. Ke4 Re8+ 0-1

[Event "XIII. DBMM 2013"]
[Site "?"]
[Date "2013.09.29"]
[Round "7.4"]
[White "Rath, Alina"]
[Black "Dehmel, Jens"]
[Result "0-1"]
[WhiteElo "1998"]
[BlackElo "2091"]
[PlyCount "64"]
[EventDate "2013.01.19"]

1. c4 c6 2. Nc3 d5 3. d4 dxc4 4. e3 b5 5. a4 b4 6. Ne4 Qd5 7. Ng3 Nf6 8. Qc2
Ba6 9. Nf3 e6 10. e4 b3 11. exd5 bxc2 12. dxe6 fxe6 13. Bd2 c5 14. Rc1 Nc6 15.
Rxc2 Nxd4 16. Nxd4 cxd4 17. Bxc4 Bxc4 18. Rxc4 e5 19. O-O Bd6 20. Nf5 Ne4 21.
Re1 Nxd2 22. Rxd4 O-O 23. Nh6+ gxh6 24. Rxd6 Nc4 25. Rxh6 Rab8 26. Re4 Rxb2 27.
f3 Rd8 28. Rg4+ Kh8 29. h3 Ne3 30. Rg5 Rd1+ 31. Kh2 Nf1+ 32. Kg1 Nd2+ 0-1

[Event "XIII. DBMM 2013"]
[Site "?"]
[Date "2013.09.29"]
[Round "7.1"]
[White "Fass, Helmut"]
[Black "Musoldt, Christoph"]
[Result "0-1"]
[WhiteElo "1531"]
[BlackElo "1918"]
[PlyCount "42"]
[EventDate "2013.01.19"]

1. d4 c5 2. Nf3 e6 3. c4 Nf6 4. g3 Be7 5. Bg2 O-O 6. O-O Na6 7. Nc3 Nc7 8. b3
a6 9. Bb2 b5 10. Ne5 Rb8 11. cxb5 axb5 12. Rc1 Bb7 13. e3 d6 14. Nf3 c4 15. Qc2
b4 16. Na4 c3 17. Ba1 Nb5 18. Rfe1 Qa5 19. Re2 Ba6 20. Ree1 Na3 21. Qd1 c2 0-1

[Event "XIII. DBMM 2013"]
[Site "?"]
[Date "2013.09.29"]
[Round "7.2"]
[White "Decker, Ingo"]
[Black "Hueners, Rolf"]
[Result "1-0"]
[WhiteElo "1696"]
[BlackElo "1400"]
[PlyCount "111"]
[EventDate "2013.01.19"]

1. e4 Nc6 2. d4 e6 3. c4 Nf6 4. Bg5 Be7 5. e5 Ne4 6. Bxe7 Qxe7 7. a3 d5 8. Nf3
h6 9. Nbd2 Ng5 10. Nxg5 Qxg5 11. Nf3 Qe7 12. Be2 b6 13. O-O O-O 14. b4 a6 15.
Qb3 dxc4 16. Qxc4 Bb7 17. Rac1 Rfc8 18. Qc3 Qd7 19. Rfd1 Ne7 20. Ne1 Nd5 21.
Qg3 b5 22. Nd3 Ra7 23. Nc5 Qe8 24. Bf3 Ba8 25. Ne4 Qe7 26. Rc5 Rf8 27. Rdc1 f5
28. exf6 Nxf6 29. Nxf6+ Qxf6 30. Bxa8 Raxa8 31. Qe3 Rad8 32. Re5 Rd5 33. Rxe6
Qxd4 34. Qxd4 Rxd4 35. Rxa6 Rd2 36. f3 Rc8 37. Rac6 Re8 38. R6c2 Rd3 39. Rc3
Rd2 40. R3c2 Rd3 41. Ra1 Rc8 42. Kf2 Kf7 43. Ke2 Rd4 44. Ke3 Rd5 45. Rac1 Re8+
46. Kf2 Rd3 47. Rxc7+ Kg6 48. R1c6+ Kh7 49. Rc3 Rd2+ 50. Kg3 Ree2 51. R7c5
Rxg2+ 52. Kf4 Rxh2 53. Rxb5 Rh4+ 54. Ke3 Ra2 55. Ra5 g5 56. Rc6 1-0

[Event "XIII. DBMM 2013"]
[Site "?"]
[Date "2013.09.29"]
[Round "7.3"]
[White "Mikoteit, Siegfried"]
[Black "Jacobsen, Ruediger"]
[Result "1/2-1/2"]
[WhiteElo "1327"]
[BlackElo "1532"]
[PlyCount "76"]
[EventDate "2013.01.19"]

1. e4 e5 2. Nf3 Nc6 3. a3 Nf6 4. Nc3 Bc5 5. Bb5 d6 6. d4 exd4 7. Nxd4 Bd7 8.
Bxc6 bxc6 9. Bg5 a6 10. Bh4 Qe7 11. O-O Bxd4 12. Qxd4 Qe6 13. Bxf6 Qxf6 14.
Qxf6 gxf6 15. Rad1 Rg8 16. Ne2 Rb8 17. b3 Rb5 18. Nf4 Rbg5 19. g3 Ke7 20. Rd4
Rc5 21. c4 Rcg5 22. Rfd1 a5 23. b4 axb4 24. axb4 Ra8 25. c5 Bg4 26. cxd6+ cxd6
27. Rc1 Bf3 28. Nd3 c5 29. bxc5 dxc5 30. Rdc4 Be2 31. R4c3 Bxd3 32. Rxd3 f5 33.
exf5 Rxf5 34. Rdc3 Ra2 35. R3c2 Rxc2 36. Rxc2 Kd6 37. h4 h5 38. Kg2 Rd5 1/2-1/2

[Event "XIII. DBMM 2013"]
[Site "?"]
[Date "2013.09.29"]
[Round "7.4"]
[White "Feldmann, Alfred"]
[Black "Waltz, Juergen"]
[Result "1-0"]
[WhiteElo "1434"]
[BlackElo "1400"]
[PlyCount "73"]
[EventDate "2013.01.19"]

1. d4 d5 2. c4 dxc4 3. e3 Nf6 4. Bxc4 e6 5. Nc3 b6 6. Nf3 Bb7 7. O-O Bd6 8. Re1
O-O 9. e4 Bb4 10. Bd3 Re8 11. a3 Bxc3 12. bxc3 Nbd7 13. Bg5 e5 14. Ra2 h6 15.
Bh4 Rc8 16. Rae2 c5 17. d5 c4 18. Bc2 Nc5 19. Bg3 Qd6 20. Nh4 Rcd8 21. Nf5 Qd7
22. f4 Bxd5 23. exd5 e4 24. Ne3 Nd3 25. Rf1 Nxd5 26. Qd2 N5xf4 27. Bxf4 Nxf4
28. Nxc4 Nxe2+ 29. Qxe2 Qc6 30. Rf4 Qc5+ 31. Kf1 b5 32. Nd2 e3 33. Ne4 Rxe4 34.
Rxe4 Rd2 35. Re8+ Qf8 36. Rxf8+ Kxf8 37. Qxe3 1-0

[Event "XIII. DBMM 2013"]
[Site "?"]
[Date "2013.09.29"]
[Round "7.1"]
[White "Scharrer, Udo"]
[Black "Bischoff, Ulrich"]
[Result "1/2-1/2"]
[WhiteElo "2036"]
[BlackElo "2107"]
[PlyCount "23"]
[EventDate "2013.01.19"]

1. d4 d5 2. c4 c6 3. Nf3 Nf6 4. e3 a6 5. b3 Bg4 6. Be2 e6 7. O-O Nbd7 8. Nbd2
Bd6 9. Bb2 Qb8 10. h3 Bh5 11. Rc1 O-O 12. cxd5 1/2-1/2

[Event "XIII. DBMM 2013"]
[Site "?"]
[Date "2013.09.29"]
[Round "7.2"]
[White "Lau, Peter"]
[Black "Karthaus, Carsten"]
[Result "1/2-1/2"]
[WhiteElo "1791"]
[BlackElo "1965"]
[PlyCount "34"]
[EventDate "2013.01.19"]

1. e4 d5 2. exd5 Qxd5 3. Nc3 Qa5 4. d4 c6 5. Nf3 Nf6 6. Bd2 Qc7 7. Be2 Bf5 8.
O-O e6 9. Bg5 Nbd7 10. Bd3 Bxd3 11. Qxd3 h6 12. Bh4 Bd6 13. Bg3 Bxg3 14. hxg3
O-O 15. Ne4 Nxe4 16. Qxe4 Rfe8 17. Rfe1 Rad8 1/2-1/2

[Event "XIII. DBMM 2013"]
[Site "?"]
[Date "2013.09.29"]
[Round "7.4"]
[White "Brethauer, Tim"]
[Black "Keck, Gerd"]
[Result "1/2-1/2"]
[WhiteElo "1641"]
[BlackElo "1400"]
[PlyCount "21"]
[EventDate "2013.01.19"]

1. e4 e5 2. Nf3 Nc6 3. Bb5 Nf6 4. Bxc6 bxc6 5. d4 exd4 6. Qxd4 c5 7. Qd5 Nxd5
8. exd5 Bb7 9. Nc3 d6 10. Bg5 g6 11. Bxd8 1/2-1/2

[Event "XIII. DBMM 2013"]
[Site "?"]
[Date "2013.09.29"]
[Round "7.1"]
[White "Lange, Ronny"]
[Black "Keuchen, Michael"]
[Result "1/2-1/2"]
[WhiteElo "1400"]
[BlackElo "2050"]
[PlyCount "53"]
[EventDate "2013.01.19"]

1. e4 e6 2. d4 d5 3. exd5 exd5 4. Nf3 Bd6 5. c4 Nf6 6. Nc3 c6 7. Bg5 O-O 8.
cxd5 Qe8+ 9. Be2 Nxd5 10. O-O Be6 11. Re1 f6 12. Bh4 Qf7 13. Bc4 Nxc3 14. Bxe6
Nxd1 15. Bxf7+ Kxf7 16. Raxd1 Rd8 17. Kf1 Na6 18. Bg3 Nc7 19. Bxd6 Rxd6 20. Rd2
g5 21. g4 h5 22. h3 h4 23. a3 Rad8 24. Rde2 Re6 25. Rxe6 Nxe6 26. Re4 Nf4 27.
Nxh4 1/2-1/2

[Event "XIII. DBMM 2013"]
[Site "?"]
[Date "2013.09.29"]
[Round "7.2"]
[White "Raum, Norbert"]
[Black "Helps, Ian Malcolm"]
[Result "1-0"]
[WhiteElo "1835"]
[BlackElo "1400"]
[PlyCount "75"]
[EventDate "2013.01.19"]

1. f4 Nf6 2. Nf3 g6 3. e3 Bg7 4. Be2 d6 5. d4 O-O 6. O-O c5 7. c3 Nbd7 8. Na3
Nb6 9. h3 Nh5 10. Qe1 Bd7 11. Ng5 Nf6 12. Bf3 Qc8 13. Qh4 h6 14. Ne4 Nxe4 15.
Bxe4 Bc6 16. Bxc6 Qxc6 17. Qxe7 Rfe8 18. Qh4 Qe4 19. Qf2 Rac8 20. Nb5 Rcd8 21.
Nxa7 Nc4 22. Nb5 Nxe3 23. Re1 Qd3 24. Bxe3 Qxb5 25. dxc5 dxc5 26. Bxc5 Rxe1+
27. Rxe1 Qa5 28. a3 Rc8 29. Bb4 Qf5 30. Qf3 Qd7 31. Re7 Qd2 32. f5 Qg5 33. fxg6
Qxg6 34. Qe4 Qg5 35. Rxb7 Qc1+ 36. Kh2 Qxb2 37. Qf5 Bxc3 38. Qxf7+ 1-0

[Event "XIII. DBMM 2013"]
[Site "?"]
[Date "2013.09.29"]
[Round "7.3"]
[White "Van Eibergen, Robert"]
[Black "Hoffeins, Hans-Werner"]
[Result "1-0"]
[WhiteElo "1321"]
[BlackElo "1794"]
[PlyCount "59"]
[EventDate "2013.01.19"]

1. d4 d6 2. e4 Nf6 3. Nd2 Nbd7 4. Ngf3 e5 5. c3 c6 6. Bd3 Qc7 7. O-O Be7 8. Re1
O-O 9. dxe5 dxe5 10. Nf1 Rd8 11. Qe2 Nc5 12. Bc2 a5 13. Ng3 b5 14. Nf5 Bf8 15.
Bg5 Ne6 16. Bxf6 gxf6 17. Rad1 Nf4 18. Qe3 Bxf5 19. exf5 Bh6 20. Qe4 Qb6 21.
Rf1 Bf8 22. g3 Rxd1 23. Bxd1 Nd3 24. Qxd3 Rd8 25. Qc2 a4 26. Nd2 Rd5 27. Ne4
Qd8 28. Qe2 b4 29. Bxa4 bxc3 30. bxc3 1-0